00425nam a2200157Ia 4500008004100000040001900041041001200060082002400072100002200096245003500118260003100153300002500184504002200209650001800231850001800249131103s9999 xx 000 0 und d aLoreto College aEnglish a170/CARbLCBED/6988 aCarroll, James P. aFeed my lambscJames P. Carrol aOhiobGeo. A. Pflaumc1970 a126p.b ill.c 18cm. aIncludes appendix aMoral science aLCBED/170/CAR